|
|
|
|
| LEADER |
00859nam a22002172a 4500 |
| 001 |
001292071 |
| 003 |
CZ BrMZK |
| 005 |
20130509104359.0 |
| 007 |
ta |
| 008 |
130509s1962 fr er|||||||||||fre d |
| 040 |
|
|
|a BOA001
|b cze
|
| 245 |
0 |
3 |
|a La vie et le temps :
|b les générations dans le monde actuel : textes des conférences et des entretiens organisés par les Rencontres internationales de Genève, 1962 /
|c Paul Chauchard ... [et al.]
|
| 260 |
|
|
|a Neuchâtel :
|b Editions de la Baconnière,
|c 1962
|
| 300 |
|
|
|a 328 s.
|
| 490 |
1 |
|
|a Histoire et société d'aujourd'hui
|
| 700 |
1 |
|
|a Chauchard, Paul,
|d 1912-2003
|7 skuk0000227
|4 edt
|
| 830 |
|
0 |
|a Histoire et société d'aujourd'hui
|
| 910 |
|
|
|a BOA001
|b 2-0685.656
|
| 990 |
|
|
|a BK
|
| 991 |
|
|
|b 201305
|
| 996 |
7 |
|
|b 2619681033
|c 2-0685.656
|l Sklad H1
|r Sklad / do 24 hodin
|n 1
|h HS212
|w 001326581
|u 000010
|a 1
|e BOA001
|j MZK50
|s A
|